[Event "Heusenstamm Schloss op"]
[Site "Heusenstamm"]
[Date "2023.11.26"]
[Round "6"]
[White "Baumgartl, Guenther"]
[Black "Fassler, Felix"]
[Result "1-0"]
[WhiteElo "2040"]
[BlackElo "1606"]
[PlyCount "89"]
[EventDate "2023.11.23"]
[EventType "swiss"]
[EventRounds "7"]
[EventCountry "GER"]
[SourceTitle "CB50_2023"]
[SourceDate "2023.12.13"]
[SourceVersion "1"]
[SourceVersionDate "2023.12.13"]
[SourceQuality "1"]

1. d4 d5 2. e4 dxe4 3. Nc3 Nf6 4. Bg5 Bf5 5. f3 e3 6. Bd3 Bxd3 7. Qxd3 e6 8. 0-0-0 Be7 9. Nge2 Nbd7 10. Qxe3 Nb6 11. Bxf6 gxf6 12. d5 e5 13. Rhe1 Qd7 14. Qe4 0-0-0 15. g4 h5 16. h3 hxg4 17. hxg4 Rh3 18. Rg1 Bc5 19. Rg2 Kb8 20. Qd3 Bf8 21. Ng3 Nc8 22. Nce4 Bh6+ 23. Kb1 Bg5 24. Qb3 Nd6 25. c4 Nxe4 26. Nxe4 Rdh8 27. Re2 Rh1 28. Nxg5 fxg5 29. Rxe5 f6 30. Re6 Qh7+ 31. Kc1 Qg6 32. Qc2 Qh6 33. Qe2 a6 34. Re8+ Rxe8 35. Qxe8+ Ka7 36. Qe3+ Kb8 37. c5 Rxd1+ 38. Kxd1 Qf8 39. b4 b6 40. Qd4 bxc5 41. bxc5 Kc8 42. Qc4 Kd8 43. Qxa6 Qxc5 44. Qxf6+ Kc8 45. Qxg5 1-0